000 00611nam a2200217Ia 4500
005 20250923145258.0
008 008 250917s9999 xx 000 0 eng d
037 _aTextual
040 _aDSWL
_beng
_cDSWL
041 _aeng
_2eng
084 _aY31:7:7.212y7, N74
_qDSWL
100 _aPanikkar, K.K.
_9833626
245 0 _aCommunity Development Administration in Kerala
_cby K.K. Panikkar
250 _a1st
260 _aRam Nagar
_bS. Chand & Co.
_c1974
300 _a242p.
365 _aINR
_b40
925 _g40
942 _cTEXL
_hY31:7:7.212y7, N74
999 _c1449382
_d1449382